Numerical methods in fluid dynamics (Record no. 10467)

000 -LEADER
fixed length control field 00636nam a2200229 i 4500
001 - CONTROL NUMBER
control field 10467
003 - CONTROL NUMBER IDENTIFIER
control field BD-DhUET
008 - FIXED-LENGTH DATA ELEMENTS--GENERAL INFORMATION
fixed length control field 771110s1978 dcua b 001 0 eng
020 ## - INTERNATIONAL STANDARD BOOK NUMBER
International Standard Book Number 0070711208
040 ## - CATALOGING SOURCE
Original cataloging agency DLC
Transcribing agency DLC
Modifying agency BD-DhUET
082 00 - DEWEY DECIMAL CLASSIFICATION NUMBER
Classification number 620.1113
Item number WIR/1978
100 ## - MAIN ENTRY--PERSONAL NAME
Personal name Wirz, H. J.
245 00 - TITLE STATEMENT
Title Numerical methods in fluid dynamics
250 ## - EDITION STATEMENT
Edition statement 1st ed.
260 ## - PUBLICATION, DISTRIBUTION, ETC. (IMPRINT)
Place of publication, distribution, etc. Washington
Name of publisher, distributor, etc. Hemisphere Publishing
Date of publication, distribution, etc. 1978
300 ## - PHYSICAL DESCRIPTION
Extent xiii, 399 p.
Other physical details ill.
Dimensions 24 cm.
490 0# - SERIES STATEMENT
Series statement Series in thermal and fluids engineering
500 ## - GENERAL NOTE
General note A Von Karman Institute book
650 #0 - SUBJECT ADDED ENTRY--TOPICAL TERM
Topical term or geographic name as entry element Fluid dynamics
700 1# - ADDED ENTRY--PERSONAL NAME
Personal name Smolderen, J. J.
942 ## - ADDED ENTRY ELEMENTS (KOHA)
Koha item type Edited Book
Holdings
Damaged status Withdrawn status Sublocation or collection (holding branch) Koha item type Koha full call number Piece designation (barcode) Shelving location Location (home branch) Koha date last seen Koha normalized classification for sorting Copy number Not for loan Lost status Source of classification or shelving scheme Price effective from Date acquired
  Central Library, BUETEdited Book620.1113/WIR/197852789Circulation sectionCentral Library, BUET2015-02-07620_111300000000000_WIR_19781   2015-02-072015-02-07
  Central Library, BUETEdited Book620.1113/WIR/197847639Circulation sectionCentral Library, BUET2015-03-18620_111300000000000_WIR_19782   2015-03-182015-03-18